Jennifer Lawrence - Sudden Death - Statistics

General Stats
  • This quiz has been taken 442 times
  • The average score is 7 of 16
Answers on the Grid
Answers color-coded by a green-red scale on the quiz's grid according to % correct below.
Bridget Jones
The Help
Silver Linings Playbook
X-Men: First Class
The Lovely Bones
La La Land
Serena
Joy
Wolf of Wall Street
Cold Mountain
Causeway
Ocean’s Eight
The Devil You Know
Aquaman
Face Off
Winter’s Bone
Passengers
Mother
Red Sparrow
The Father
Suicide Squad
The Hunger Games
Anna
Don’t Look Up
No Hard Feelings
House at the End of the Street
Crazy Stupid Love
American Hustle
The Beaver
The Others
 
Answer Stats
Answer % Correct
The Hunger Games
80%
X-Men: First Class
79%
Silver Linings Playbook
77%
Passengers
61%
Don’t Look Up
60%
No Hard Feelings
54%
Red Sparrow
54%
Joy
52%
American Hustle
50%
Mother
47%
House at the End of the Street
31%
Winter’s Bone
30%
Serena
21%
Causeway
18%
The Devil You Know
14%
The Beaver
12%
No matching quizzes found
Score Distribution
Percent of People with Each Score
Percentile by Number Answered
Your Score History
You have not taken this quiz